| 000 | 00407nam a2200157Ia 4500 | ||
|---|---|---|---|
| 008 | 210716s2003 xx 000 0 und d | ||
| 020 | _a1572482516 | ||
| 041 | _aeng | ||
| 082 | _a338.04 BARH | ||
| 100 | _aBarreca, Hugo; O'Neill, Julia K. | ||
| 245 | _aEntrepreneurs internet handbook. | ||
| 250 | _a1 | ||
| 260 |
_aIllinois _bSphinx Publishing _c2003 |
||
| 300 | _avi,176 | ||
| 650 | _aEntrepreneurship | ||
| 999 |
_c201675 _d201675 |
||